[Event "Bad Woerishofen op"]
[Site "?"]
[Date "2008.03.02"]
[Round "4"]
[White "Schellmann, Frank"]
[Black "Stein, Manfred"]
[Result "1/2-1/2"]
[WhiteElo "2183"]
[BlackElo "2015"]
[PlyCount "49"]
[EventDate "2008.??.??"]
 
1. e4 e6 2. d4 d5 3. e5 c5 4. c3 Nc6 5. Nf3 Qb6 6. a3 c4 7. Nbd2 Na5 8. Be2 Bd7
9. O-O Be7 10. Rb1 Rc8 11. Re1 h5 12. Qc2 Nh6 13. Nf1 Qb3 14. Bd1 Qxc2 15. Bxc2
g6 16. Bf4 Kf8 17. h3 Kg7 18. N1h2 Nf5 19. Ng5 b6 20. Nhf3 Nc6 21. g3 b5 22.
Ra1 a5 23. Kg2 b4 24. axb4 axb4 25. Ra6 1/2-1/2

[Event "Bad Woerishofen op"]
[Site "?"]
[Date "2008.03.02"]
[Round "4"]
[White "Strasser, Josef"]
[Black "Bischoff, Dieter"]
[Result "1/2-1/2"]
[WhiteElo "1955"]
[BlackElo "2155"]
[PlyCount "39"]
[EventDate "2008.??.??"]
 
1. e4 c5 2. Nf3 d6 3. Bb5+ Nd7 4. d4 Ngf6 5. O-O Nxe4 6. Re1 Nef6 7. dxc5 dxc5
8. Bc4 h6 9. Bf4 Qb6 10. Nc3 a6 11. Ne5 Nxe5 12. Bxe5 Bg4 13. Qd2 Bh5 14. Qf4
Qc6 15. f3 Bg6 16. Bxf6 Qxf6 17. Qxf6 gxf6 18. Nd5 Rc8 19. Nxf6+ Kd8 20. Rad1+
1/2-1/2

[Event "Bad Woerishofen sen"]
[Site "?"]
[Date "2008.02.31"]
[Round "4"]
[White "Diete, Guenther"]
[Black "Klempt, Guenter"]
[Result "0-1"]
[WhiteElo "1988"]
[BlackElo "2060"]
[PlyCount "108"]
[EventDate "2008.??.??"]
 
1. e4 c5 2. Nf3 Nc6 3. b3 e6 4. Bb2 d5 5. exd5 exd5 6. d4 Nf6 7. dxc5 Bxc5 8.
Be2 O-O 9. O-O Bf5 10. c3 Re8 11. Na3 Qe7 12. Bd3 Bxd3 13. Qxd3 Bxa3 14. Rfe1
Qd6 15. Bxa3 Qxa3 16. Qb5 Rxe1+ 17. Rxe1 Re8 18. Qxb7 Rxe1+ 19. Nxe1 Qe7 20.
Qxe7 Nxe7 21. f3 Kf8 22. Kf2 Nc6 23. Nd3 Ke7 24. Ke3 Kd6 25. Nb2 Ne7 26. Nd3
Nd7 27. Kd2 Ne5 28. Ne1 Kc5 29. Nc2 Nf5 30. Ne1 d4 31. c4 Ne3 32. a3 N3xc4+ 33.
bxc4 Nxc4+ 34. Kd3 Nxa3 35. f4 Nb5 36. Nf3 f6 37. f5 a5 38. Nd2 Kd5 39. g4 a4
40. h4 a3 41. Kc2 a2 42. Kb2 Nc3 43. Nb3 Ke4 44. Kc2 Ke3 45. Kb2 Kf4 46. Nxd4
Kxg4 47. Ne6 Kxf5 48. Nxg7+ Kg4 49. Ne6 Kxh4 50. Nd4 Kg3 51. Nc2 Ne4 52. Kxa2
h5 53. Nd4 h4 54. Nf5+ Kg4 0-1

[Event "Bad Woerishofen sen"]
[Site "?"]
[Date "2008.03.02"]
[Round "4"]
[White "Weigel, Herbert"]
[Black "Weyrauch, Erich"]
[Result "1-0"]
[WhiteElo "2135"]
[BlackElo "2130"]
[PlyCount "71"]
[EventDate "2008.??.??"]
 
1. e4 e5 2. Nf3 Nc6 3. Bb5 a6 4. Ba4 Nf6 5. d4 b5 6. Bb3 Be7 7. dxe5 Ng4 8. Bd5
Bb7 9. h3 Nh6 10. O-O O-O 11. Nc3 Kh8 12. Be3 Ng8 13. Qd2 Qe8 14. Rfd1 Rd8 15.
Qe2 f6 16. e6 dxe6 17. Bxe6 Bb4 18. Bd5 Bxc3 19. bxc3 Na5 20. Bxb7 Nxb7 21. Bf4
Qc6 22. Qe3 Nd6 23. Nd4 Qe8 24. f3 Nc4 25. Qf2 Rf7 26. Nb3 Rfd7 27. Rxd7 Qxd7
28. Qc5 Ne7 29. Qxc7 Qxc7 30. Bxc7 Rc8 31. Bg3 Na3 32. Bd6 Nxc2 33. Rc1 Rxc3
34. Bxe7 Kg8 35. Kf2 Rc7 36. Bc5 1-0

[Event "Bad Woerishofen sen"]
[Site "?"]
[Date "2008.03.02"]
[Round "4"]
[White "Ljubarskij, Juri"]
[Black "Villing, Dieter"]
[Result "1-0"]
[WhiteElo "2317"]
[BlackElo "2209"]
[PlyCount "57"]
[EventDate "2008.??.??"]
 
1. e4 e5 2. Nf3 Nc6 3. Bb5 Bc5 4. c3 f5 5. d3 d6 6. O-O Nf6 7. exf5 O-O 8. d4
e4 9. dxc5 exf3 10. Bxc6 bxc6 11. Qxf3 Nd5 12. g4 h5 13. h3 hxg4 14. hxg4 g6
15. Bh6 Rf7 16. Nd2 Qh4 17. Be3 gxf5 18. c4 Rg7 19. Rfe1 Ba6 20. b3 Rf8 21.
Rac1 Rxg4+ 22. Kf1 f4 23. Bd4 Ne3+ 24. Ke2 Nf5 25. Bb2 Re8+ 26. Kd3 Rxe1 27.
Rxe1 Ng3 28. Kc2 Nh5 29. Qc3 1-0

[Event "Bad Woerishofen sen"]
[Site "?"]
[Date "2008.03.02"]
[Round "4"]
[White "Dahlhaus, Friedhelm"]
[Black "Zunker, Reinhard Dr"]
[Result "1/2-1/2"]
[WhiteElo "2123"]
[BlackElo "2251"]
[PlyCount "44"]
[EventDate "2008.??.??"]
 
1. e4 c5 2. Nf3 Nc6 3. d4 cxd4 4. Nxd4 Nf6 5. Nc3 d6 6. Bg5 e6 7. Qd2 a6 8.
O-O-O h6 9. Be3 Be7 10. f4 Nxd4 11. Bxd4 b5 12. Bxf6 gxf6 13. Bd3 b4 14. Ne2 d5
15. exd5 Qxd5 16. Kb1 a5 17. f5 e5 18. Qe3 Qc5 19. Qf3 Rb8 20. Be4 Kf8 21. Bd5
a4 22. b3 a3 1/2-1/2

[Event "Bad Woerishofen sen"]
[Site "?"]
[Date "2008.03.02"]
[Round "4"]
[White "Hoennekes, Klaus"]
[Black "Spurga, Josef"]
[Result "1-0"]
[WhiteElo "2144"]
[BlackElo "1886"]
[PlyCount "63"]
[EventDate "2008.??.??"]
 
1. e4 g6 2. Nc3 Bg7 3. f4 c5 4. Nf3 Nc6 5. d3 d6 6. Be2 Nf6 7. O-O O-O 8. Kh1
Rb8 9. a4 a6 10. d4 cxd4 11. Nxd4 Bd7 12. Nf3 Rc8 13. Be3 Na5 14. Nd2 Be6 15.
Bf3 Qc7 16. g4 Ne8 17. Ra3 Bc4 18. Rf2 b5 19. b4 Nc6 20. Nxc4 bxc4 21. Nd5 Qb7
22. c3 Nd8 23. a5 e6 24. Nb6 Rc6 25. Bd4 e5 26. fxe5 Ne6 27. exd6 Nxd6 28. Bxg7
Kxg7 29. Raa2 Ng5 30. Bg2 Ndxe4 31. Rf4 Rd6 32. Qxd6 1-0

[Event "Bad Woerishofen sen"]
[Site "?"]
[Date "2008.02.31"]
[Round "4"]
[White "Collins, Alan"]
[Black "Baum, Bernd Dr"]
[Result "1/2-1/2"]
[WhiteElo "1851"]
[BlackElo "2204"]
[PlyCount "115"]
[EventDate "2008.??.??"]
 
1. d4 d5 2. c4 c6 3. cxd5 cxd5 4. Nc3 Nf6 5. Bg5 Nc6 6. e3 e6 7. Bd3 Be7 8.
Nge2 Bd7 9. O-O O-O 10. a3 Rc8 11. f3 a6 12. b4 Bd6 13. Rc1 Ne7 14. Bxf6 gxf6
15. f4 f5 16. Ng3 Kh8 17. Be2 Ng8 18. Qb3 Nf6 19. Na2 Bc6 20. a4 Qe7 21. b5
axb5 22. axb5 Bd7 23. Rxc8 Rxc8 24. Rb1 Ra8 25. Nb4 Ra5 26. Nc2 Qd8 27. h3 Qa8
28. Kh2 b6 29. Kh1 Ne8 30. Nh5 Be7 31. g4 fxg4 32. hxg4 Nd6 33. Qc3 Nxb5 34.
Bxb5 Rxb5 35. Rxb5 Bxb5 36. Qc7 Qf8 37. Qe5+ Kg8 38. Nf6+ Bxf6 39. Qxf6 h6 40.
g5 hxg5 41. Qxg5+ Kh7 42. Kg2 Qg7 43. Qxg7+ Kxg7 44. Kf2 Kf6 45. Ke1 Kf5 46.
Kd2 Ke4 47. Nb4 f6 48. Na2 Kf5 49. Nb4 Kg6 50. Kc3 Bf1 51. Kd2 Bh3 52. Nc6 Kf7
53. Nb4 Ke7 54. Kc3 Kd6 55. Kd2 Bf1 56. Ke1 Bc4 57. Kd2 Kc7 58. Kc3 1/2-1/2

[Event "Bad Woerishofen sen"]
[Site "?"]
[Date "2008.03.02"]
[Round "4"]
[White "Weinwurm, Wolfgang Dr"]
[Black "Winter, Bernd"]
[Result "1-0"]
[WhiteElo "2177"]
[BlackElo "1997"]
[PlyCount "57"]
[EventDate "2008.??.??"]
 
1. e4 c5 2. Nf3 Nc6 3. d4 cxd4 4. Nxd4 e6 5. Nc3 a6 6. Be3 Qc7 7. Qd2 Nf6 8.
O-O-O Bb4 9. f3 d5 10. Bg5 dxe4 11. Nxc6 bxc6 12. Bxf6 gxf6 13. Qd4 Bxc3 14.
Qxc3 Ke7 15. Qc5+ Ke8 16. fxe4 Bb7 17. Be2 Qe7 18. Rd6 Kf8 19. Rhd1 Kg7 20. Qb6
f5 21. exf5 Qg5+ 22. Kb1 Qxf5 23. Rf1 Qe5 24. Qxb7 Rhf8 25. Rd7 Kh6 26. Rfxf7
Rxf7 27. Rxf7 Rb8 28. Rxh7+ Kg6 29. Qf7+ 1-0

[Event "Bad Woerishofen sen"]
[Site "?"]
[Date "2008.02.31"]
[Round "4"]
[White "Ziltener, Werner"]
[Black "Geisler, Reinhard"]
[Result "1/2-1/2"]
[WhiteElo "2115"]
[BlackElo "2032"]
[PlyCount "101"]
[EventDate "2008.??.??"]
 
1. d4 d5 2. Nf3 c6 3. c4 Nf6 4. e3 Bf5 5. Nc3 e6 6. Qb3 Qb6 7. c5 Qc7 8. Be2 h6
9. O-O Nbd7 10. Nh4 Bh7 11. f4 Be7 12. Nf3 O-O 13. Bd2 Ne4 14. Nxe4 Bxe4 15.
Bd3 Nf6 16. Ne5 Bxd3 17. Qxd3 a5 18. Rfc1 Ne4 19. Be1 f5 20. Ng6 Rf6 21. Ne5
Rff8 22. b3 Bf6 23. a3 Bxe5 24. fxe5 g5 25. b4 axb4 26. axb4 Qf7 27. Qd1 Kg7
28. Rxa8 Rxa8 29. Ra1 Rxa1 30. Qxa1 f4 31. Qd1 Kg6 32. Qf3 Qf5 33. exf4 Qxf4
34. Qxf4 gxf4 35. Kf1 Kf5 36. Ke2 h5 37. Kd3 Ng5 38. Bh4 Nf7 39. Be1 Nh6 40. h3
Ng8 41. Bh4 Nh6 42. Bf2 Nf7 43. Bh4 Nh8 44. Be1 Ng6 45. Bf2 Kg5 46. Ke2 Ne7 47.
Kd3 Nf5 48. Ke2 Ng3+ 49. Bxg3 fxg3 50. Kf3 h4 51. Ke3 1/2-1/2

[Event "Bad Woerishofen sen"]
[Site "?"]
[Date "2008.02.31"]
[Round "4"]
[White "Rahn, Oskar"]
[Black "Reimann, Guenther"]
[Result "1/2-1/2"]
[WhiteElo "2107"]
[BlackElo "2001"]
[PlyCount "64"]
[EventDate "2008.??.??"]
 
1. e4 e6 2. d4 d5 3. e5 c5 4. c3 Nc6 5. Nf3 Bd7 6. Be2 Nge7 7. O-O Ng6 8. b3
Qb6 9. g3 Rc8 10. dxc5 Bxc5 11. b4 Be7 12. Be3 Qc7 13. Bd4 Nxd4 14. Qxd4 b5 15.
a4 bxa4 16. Ba6 Rb8 17. Na3 O-O 18. Rfe1 f6 19. Rac1 fxe5 20. Nxe5 Nxe5 21.
Qxe5 Qb6 22. Qe2 Rf6 23. Bd3 a5 24. Nc2 axb4 25. cxb4 Rbf8 26. Rf1 Bd6 27. Rb1
e5 28. Ne3 Be6 29. Qd2 Qb7 30. Be2 d4 31. Ng4 Bxg4 32. Bxg4 Rb8 1/2-1/2

[Event "Bad Woerishofen sen"]
[Site "?"]
[Date "2008.02.31"]
[Round "4"]
[White "Moeckel, Edgar Dr"]
[Black "Budt, Karl-Heinz"]
[Result "1/2-1/2"]
[WhiteElo "2016"]
[BlackElo "2143"]
[PlyCount "119"]
[EventDate "2008.??.??"]
 
1. d4 Nf6 2. c4 e6 3. Nc3 Bb4 4. e3 c5 5. Bd3 Bxc3+ 6. bxc3 d6 7. Nf3 Nc6 8.
O-O e5 9. Bc2 O-O 10. d5 Ne7 11. e4 Ng6 12. Ne1 Bg4 13. f3 Bd7 14. Nd3 Re8 15.
Bg5 h6 16. Bd2 Nh5 17. f4 Nhxf4 18. Nxf4 exf4 19. Bxf4 Nxf4 20. Rxf4 Re5 21.
Qf3 Qe7 22. Rf1 f6 23. Qg3 Rg5 24. Qf3 b6 25. Kh1 Re8 26. h4 Re5 27. Qg3 Rf8
28. Qf3 h5 29. Qd3 Bg4 30. Bd1 Bxd1 31. Qxd1 Re8 32. Re1 Qf7 33. Qf3 Qg6 34. g4
hxg4 35. Rxg4 Qh6 36. Reg1 Kf8 37. Re1 Rh5 38. Qf4 Qxf4 39. Rxf4 Kf7 40. Kg2
Reh8 41. Kg3 g5 42. hxg5 Rxg5+ 43. Rg4 Rxg4+ 44. Kxg4 Rh2 45. a3 Rc2 46. Re3
Kg6 47. Rg3 Ra2 48. Kf4+ Kf7 49. Rh3 Rf2+ 50. Ke3 Rc2 51. Kf4 Kg6 52. Rg3+ Kf7
53. Rh3 a5 54. Rh7+ Kg6 55. Rd7 Rxc3 56. Rxd6 Rxc4 57. Rxb6 Ra4 58. Rb5 Rxa3
59. Rxc5 Ra1 60. d6 1/2-1/2

[Event "Bad Woerishofen sen"]
[Site "?"]
[Date "2008.03.02"]
[Round "4"]
[White "Mueller, Manfred"]
[Black "Straub, Peter"]
[Result "0-1"]
[WhiteElo "2132"]
[BlackElo "2137"]
[PlyCount "38"]
[EventDate "2008.??.??"]
 
1. e4 c5 2. Nf3 e6 3. d4 cxd4 4. Nxd4 a6 5. Nc3 Qc7 6. Bd3 Nf6 7. O-O Be7 8.
Qe2 d6 9. Bd2 O-O 10. Kh1 Nc6 11. Nf3 Re8 12. Nd1 b5 13. c4 bxc4 14. Bxc4 d5
15. exd5 exd5 16. Bb3 a5 17. Re1 Ba6 18. Qe3 Bb4 19. Qf4 Rxe1+ 0-1

[Event "Bad Woerishofen op"]
[Site "?"]
[Date "2008.03.03"]
[Round "5"]
[White "Burmakin, Vladimir"]
[Black "Borovikov, Vladislav"]
[Result "1/2-1/2"]
[WhiteElo "2611"]
[BlackElo "2583"]
[PlyCount "151"]
[EventDate "2008.??.??"]
 
1. d4 d5 2. c4 c6 3. Nf3 Nf6 4. e3 Bg4 5. h3 Bxf3 6. Qxf3 e6 7. Nc3 Nbd7 8. Bd3
Bb4 9. O-O O-O 10. a3 Bxc3 11. bxc3 e5 12. Qd1 e4 13. Be2 Nb6 14. Qb3 dxc4 15.
Bxc4 Nxc4 16. Qxc4 Qd5 17. Qe2 b5 18. a4 Rfb8 19. axb5 cxb5 20. Ra5 a6 21. Ba3
Rc8 22. Bc5 Nd7 23. c4 bxc4 24. Rc1 Nxc5 25. Rxc4 Qe6 26. Raxc5 Rxc5 27. dxc5
Qc6 28. Qc2 a5 29. Ra4 g6 30. g3 h5 31. Kg2 Ra7 32. Qc4 Kh7 33. Qc2 Kg8 34. Kh2
Kh7 35. Kg1 Kg8 36. Kg2 Kh7 37. h4 Kg8 38. Rd4 Kh7 39. Rd6 Qc7 40. Rd4 Qc6 41.
Rd6 Qc7 42. Rd5 a4 43. c6 Qe7 44. Rd4 a3 45. Rxe4 Qc7 46. Ra4 Rxa4 47. Qxa4 a2
48. Qxa2 Qxc6+ 49. Kg1 Kg8 50. Qd2 Qb6 51. Qd4 Qb1+ 52. Kg2 Qb7+ 53. e4 Qe7 54.
Qd5 Qf6 55. e5 Qf5 56. Kf1 Qb1+ 57. Ke2 Qb2+ 58. Kf3 Qc3+ 59. Kg2 Qc8 60. Qf3
Qe6 61. Qe4 Qb3 62. Qa8+ Kg7 63. Qc6 Kg8 64. Qf3 Qe6 65. Qe2 Qd5+ 66. f3 Kg7
67. Qe3 Qa2+ 68. Kh3 Qe6+ 69. g4 hxg4+ 70. fxg4 Qc6 71. Kg3 Qh1 72. Qf2 Qe4 73.
Qf6+ Kg8 74. Qf4 Qe1+ 75. Kh3 Qh1+ 76. Kg3 1/2-1/2

[Event "Bad Woerishofen op"]
[Site "?"]
[Date "2008.03.03"]
[Round "5"]
[White "Georgiev, Vladimir"]
[Black "Rozentalis, Eduardas"]
[Result "1-0"]
[WhiteElo "2581"]
[BlackElo "2567"]
[PlyCount "69"]
[EventDate "2008.??.??"]
 
1. d4 e6 2. Nf3 Nf6 3. c4 Bb4+ 4. Nbd2 O-O 5. Qc2 d5 6. a3 Be7 7. e4 dxe4 8.
Nxe4 Nc6 9. Bd3 Nxd4 10. Nxd4 Qxd4 11. Nxf6+ Bxf6 12. Bxh7+ Kh8 13. Be4 g6 14.
O-O Kg7 15. Rb1 Rh8 16. Be3 Qe5 17. f4 Qh5 18. h3 a5 19. Rf3 Rd8 20. g4 Qh4 21.
Bf2 Qh8 22. Kg2 Bd7 23. g5 Be7 24. Bd4+ f6 25. Rg3 Rg8 26. Rd1 Rad8 27. Bxb7
Kf7 28. Be4 Qh5 29. gxf6 Ba4 30. b3 Bxf6 31. Bxf6 Rxd1 32. bxa4 Re1 33. Bd3 Qc5
34. Kh2 Re3 35. Qf2 1-0

[Event "Bad Woerishofen op"]
[Site "?"]
[Date "2008.03.03"]
[Round "5"]
[White "Iotov, Valentin"]
[Black "Epishin, Vladimir"]
[Result "1/2-1/2"]
[WhiteElo "2495"]
[BlackElo "2577"]
[PlyCount "45"]
[EventDate "2008.??.??"]
 
1. d4 d5 2. Nf3 Nd7 3. c4 e6 4. Nc3 Ngf6 5. Bg5 h6 6. Bh4 Be7 7. e3 O-O 8. cxd5
Nxd5 9. Bxe7 Qxe7 10. Rc1 N7f6 11. Be2 c5 12. O-O Rd8 13. Qc2 cxd4 14. Nxd4 Nb6
15. Rfd1 Bd7 16. Bf3 Be8 17. Qb3 Rab8 18. h3 Nbd7 19. Ncb5 a6 20. Nc7 Nc5 21.
Qa3 Qxc7 22. Rxc5 Qb6 23. Rdc1 1/2-1/2

[Event "Bad Woerishofen op"]
[Site "?"]
[Date "2008.03.03"]
[Round "5"]
[White "Drozdovsky, Yuriy"]
[Black "Dittmar, Peter"]
[Result "1-0"]
[WhiteElo "2574"]
[BlackElo "2329"]
[PlyCount "139"]
[EventDate "2008.??.??"]
 
1. c4 e6 2. Nc3 Nf6 3. d4 Bb4 4. Qc2 Nc6 5. Nf3 d6 6. Bd2 Qe7 7. a3 Bxc3 8.
Bxc3 a5 9. g3 a4 10. Bg2 O-O 11. O-O e5 12. d5 Nb8 13. Nd2 Nbd7 14. e4 Nc5 15.
f4 Nfd7 16. Rae1 b6 17. Bh3 f6 18. Rf3 Ba6 19. Bb4 Rae8 20. f5 b5 21. Bf1 Rb8
22. b3 axb3 23. Nxb3 Nxb3 24. Rxb3 bxc4 25. Bxc4 Bxc4 26. Qxc4 Rfc8 27. Rc1 Qe8
28. Rbc3 Nb6 29. Qe2 Qd7 30. Rc6 g6 31. g4 gxf5 32. gxf5 Kh8 33. Kh1 Rb7 34.
Rg1 Qf7 35. Rg3 Ra8 36. Kg2 Nc8 37. Qe3 Rab8 38. Qh6 Na7 39. Rc1 Rg8 40. Rxg8+
Qxg8+ 41. Kf2 Qf7 42. Rg1 Rb8 43. Rg6 Rf8 44. Bd2 Nc8 45. Qh4 Nb6 46. Rg3 Rg8
47. Bh6 Na4 48. Kf3 Nc5 49. Rxg8+ Kxg8 50. Be3 Na4 51. Qh6 Nb6 52. Bf2 Nxd5 53.
exd5 Qxd5+ 54. Kg3 Qd3+ 55. Qe3 Qxf5 56. Qf3 Qg6+ 57. Kh3 f5 58. a4 Kf8 59. a5
f4 60. Qg4 Qd3+ 61. Kh4 Qc2 62. Bg1 h5 63. Qxh5 Qb1 64. Qg5 Qe1+ 65. Kh5 Qxa5
66. Kg6 Ke8 67. Qf5 Qa2 68. Qc8+ Ke7 69. Qxc7+ Ke8 70. Kf6 1-0

[Event "Bad Woerishofen op"]
[Site "?"]
[Date "2008.03.03"]
[Round "5"]
[White "Teske, Henrik"]
[Black "Skembris, Spyridon"]
[Result "1-0"]
[WhiteElo "2493"]
[BlackElo "2469"]
[PlyCount "89"]
[EventDate "2008.??.??"]
 
1. d4 Nf6 2. c4 c5 3. Nf3 cxd4 4. Nxd4 b6 5. Nc3 Bb7 6. f3 d6 7. e4 a6 8. Be3
e6 9. Be2 Be7 10. O-O O-O 11. Qd2 Nbd7 12. a4 Rb8 13. b4 d5 14. cxd5 exd5 15.
Nxd5 Nxd5 16. exd5 Nf6 17. Nc6 Bxc6 18. dxc6 Nd5 19. Rad1 Nxb4 20. Qxb4 Bxb4
21. Rxd8 Rbxd8 22. Bxa6 Ra8 23. Bb7 Rxa4 24. c7 Ra3 25. Bf4 Rc3 26. Rc1 Bc5+
27. Kh1 Rxc1+ 28. Bxc1 b5 29. c8=Q Rxc8 30. Bxc8 h5 31. Ba6 b4 32. Bc4 Kf8 33.
g3 f6 34. Kg2 g5 35. Kf1 Kg7 36. Bd2 Bd6 37. Be1 f5 38. Ke2 g4 39. Bf2 Kg6 40.
Ke3 gxf3 41. Bd3 h4 42. g4 Kg5 43. gxf5 Bxh2 44. Kxf3 Be5 45. Be3+ 1-0

[Event "Bad Woerishofen op"]
[Site "?"]
[Date "2008.03.03"]
[Round "5"]
[White "Boehle, Lars"]
[Black "Kunin, Vitaly"]
[Result "0-1"]
[WhiteElo "2276"]
[BlackElo "2538"]
[PlyCount "114"]
[EventDate "2008.??.??"]
 
1. e4 c5 2. Nc3 Nc6 3. g3 g6 4. Bg2 Bg7 5. d3 d6 6. Nge2 Rb8 7. a4 a6 8. Be3 b5
9. axb5 axb5 10. Qd2 b4 11. Nd1 Bd7 12. f4 Nd4 13. O-O Bg4 14. Nxd4 cxd4 15.
Bf2 Qd7 16. b3 Nh6 17. Ra4 Qb5 18. h3 Bd7 19. Be1 Qc5 20. Rxb4 Rxb4 21. Qxb4
Qxc2 22. Qb8+ Qc8 23. Qxc8+ Bxc8 24. Nb2 f5 25. Nc4 fxe4 26. dxe4 Ba6 27. Bf2
Bxc4 28. bxc4 Kd7 29. e5 dxe5 30. fxe5 Bxe5 31. Rd1 Nf5 32. g4 Nd6 33. Bxd4
Bxd4+ 34. Rxd4 Rc8 35. Bf1 Rc5 36. Rd1 g5 37. Kf2 Re5 38. Bg2 Kc7 39. Rb1 Rc5
40. Bf1 Re5 41. Bg2 h6 42. Rb2 Rc5 43. Bf1 Re5 44. Bg2 Rc5 45. Bf1 Kc6 46. Rb8
Re5 47. Bg2+ Kc5 48. Rh8 Re6 49. Bf1 Kd4 50. Rd8 Rf6+ 51. Kg2 e5 52. Kg3 e4 53.
h4 gxh4+ 54. Kxh4 Kc5 55. Bg2 e3 56. Rd7 Kxc4 57. g5 e2 0-1

[Event "Bad Woerishofen op"]
[Site "?"]
[Date "2008.03.03"]
[Round "5"]
[White "Trabert, Bettina"]
[Black "Karpatchev, Alexander"]
[Result "0-1"]
[WhiteElo "2258"]
[BlackElo "2484"]
[PlyCount "136"]
[EventDate "2008.??.??"]
 
1. e4 e5 2. Nf3 Nc6 3. Nc3 Nf6 4. d4 exd4 5. Nxd4 Bb4 6. Nxc6 bxc6 7. Bd3 d6 8.
O-O Ng4 9. h3 Ne5 10. Be2 Qh4 11. Qd2 h5 12. Qg5 Qxg5 13. Bxg5 f6 14. Bd2 Be6
15. a3 Ba5 16. b4 Bb6 17. Na4 Bc4 18. Bxc4 Nxc4 19. Bc3 Kf7 20. Nxb6 axb6 21.
a4 Ra6 22. a5 Rha8 23. axb6 cxb6 24. Rxa6 Rxa6 25. Ra1 Rxa1+ 26. Bxa1 Na3 27.
c3 Nc4 28. f3 Ke6 29. Kf2 Ke5 30. h4 g5 31. g4 hxg4 32. h5 Ke6 33. fxg4 b5 34.
Kf3 Kf7 35. Kf2 Ne5 36. Kg3 Nd3 37. Kf3 Ne5+ 38. Kg3 Nc4 39. Kf3 Kg7 40. Kg3
Kh6 41. Kf3 Ne5+ 42. Kg3 Nc4 43. Kf2 d5 44. exd5 cxd5 45. Kf3 f5 46. gxf5 Kxh5
47. Kg3 Ne3 48. f6 Kg6 49. Bb2 Nc4 50. Bc1 Kxf6 51. Kg4 Ne5+ 52. Kg3 Kf5 53.
Be3 Nc4 54. Bd4 Nd2 55. Kf2 Ke4 56. Ke2 Nf3 57. Bf2 g4 58. Bg3 Ne5 59. Bh2 Nd3
60. Bd6 Ne5 61. Kf2 Nc4 62. Be7 Kd3 63. Kg3 Kxc3 64. Kxg4 d4 65. Bf6 Ne3+ 66.
Kf3 Nd5 67. Bg7 Nxb4 68. Ke4 Nc2 0-1

[Event "Bad Woerishofen op"]
[Site "?"]
[Date "2008.03.03"]
[Round "5"]
[White "Schulz, Michael"]
[Black "Ivanov, Michail"]
[Result "0-1"]
[WhiteElo "2226"]
[BlackElo "2483"]
[PlyCount "54"]
[EventDate "2008.??.??"]
 
1. d4 d5 2. Nf3 Nf6 3. e3 g6 4. c4 Bg7 5. cxd5 O-O 6. Nc3 Nxd5 7. Bc4 Nb6 8.
Bb3 c5 9. O-O c4 10. Bc2 Nc6 11. Qe2 Bg4 12. Rd1 e5 13. d5 Nb4 14. Bb1 f5 15.
e4 Rc8 16. h3 Bh5 17. a4 Nd7 18. d6 Kh8 19. Nd5 Nc6 20. Ne7 Nd4 21. Rxd4 exd4
22. exf5 d3 23. Qe6 Bxf3 24. fxg6 Rf6 25. Qe3 Be2 26. Nxc8 Qxc8 27. g4 Rxd6 0-1

[Event "Bad Woerishofen op"]
[Site "?"]
[Date "2008.03.03"]
[Round "5"]
[White "Wohl, Alexander"]
[Black "Rolle, Eric"]
[Result "0-1"]
[WhiteElo "2418"]
[BlackElo "2213"]
[PlyCount "80"]
[EventDate "2008.??.??"]
 
1. e4 e6 2. d4 d5 3. e5 c5 4. c3 Qb6 5. Nf3 Bd7 6. a3 Bb5 7. c4 Bxc4 8. Bxc4
dxc4 9. d5 exd5 10. Qxd5 Ne7 11. Qxc4 Qa6 12. Nbd2 Qxc4 13. Nxc4 Nf5 14. g4 Nd4
15. Nxd4 cxd4 16. b4 Nd7 17. Bb2 b5 18. Nd6+ Bxd6 19. exd6 Ne5 20. O-O-O Rc8+
21. Kb1 Nc6 22. Bxd4 Nxd4 23. d7+ Kxd7 24. Rxd4+ Kc7 25. Rc1+ Kb8 26. Rd7 Rxc1+
27. Kxc1 Rc8+ 28. Kd2 Rc7 29. Rxc7 Kxc7 30. Ke3 Kd6 31. Ke4 Ke6 32. Kd4 Kd6 33.
g5 f6 34. f4 f5 35. h3 h5 36. gxh6 gxh6 37. Ke3 h5 38. Kd4 h4 39. a4 bxa4 40.
Kc4 Kc6 0-1

[Event "Bad Woerishofen op"]
[Site "?"]
[Date "2008.03.03"]
[Round "5"]
[White "Unger, Michael"]
[Black "Bronznik, Valeri"]
[Result "0-1"]
[WhiteElo "2196"]
[BlackElo "2377"]
[PlyCount "61"]
[EventDate "2008.??.??"]
 
1. d4 f5 2. e4 fxe4 3. Nc3 Nf6 4. Bg5 Nc6 5. f3 d5 6. Bb5 Qd6 7. Qd2 Bf5 8. g4
Bd7 9. O-O-O O-O-O 10. fxe4 Nxe4 11. Nxe4 dxe4 12. Bxc6 Bxc6 13. Be3 e6 14. Ne2
Qb4 15. Rhf1 Qxd2+ 16. Rxd2 Bd6 17. c4 Rdf8 18. Rdd1 Bxh2 19. Rh1 Bd6 20. Nc3
Rf3 21. Kd2 Bf4 22. Rde1 h6 23. b4 Rd8 24. Bxf4 Rxd4+ 25. Kc2 Rxf4 26. b5 Be8
27. Kb3 Bf7 28. Rhf1 e5 29. Rxf4 Bxc4+ 30. Kb4 Bd3+ 31. Kc5 0-1

[Event "Bad Woerishofen op"]
[Site "?"]
[Date "2008.03.03"]
[Round "5"]
[White "Gerstner, Bernhard"]
[Black "Anistratov, Dimitrij"]
[Result "1/2-1/2"]
[WhiteElo "2170"]
[BlackElo "2376"]
[PlyCount "101"]
[EventDate "2008.??.??"]
 
1. e4 d6 2. d4 Nf6 3. Nc3 g6 4. f4 Bg7 5. Nf3 c5 6. Bb5+ Bd7 7. Bxd7+ Nfxd7 8.
d5 Na6 9. Qe2 Qa5 10. Bd2 Nb4 11. Qd1 b5 12. a3 Na6 13. O-O O-O 14. Qe1 c4 15.
f5 Qd8 16. Qh4 Nc7 17. Ng5 h5 18. g4 Nf6 19. fxg6 fxg6 20. gxh5 Nxh5 21. Kh1
Rf6 22. Ne2 Qf8 23. Rxf6 exf6 24. Ne6 Nxe6 25. dxe6 Bh6 26. Rg1 Kh7 27. Qg4 Qg7
28. Bb4 Be3 29. Rd1 Rd8 30. Bxd6 Bb6 31. e7 Re8 32. Nf4 Nxf4 33. Qxf4 g5 34.
Qf5+ Qg6 35. Qh3+ Kg7 36. Qe6 Qf7 37. Qd7 Qh5 38. Rf1 Qg6 39. Qe6 Bd4 40. Qf5
Qxf5 41. Rxf5 a6 42. a4 bxa4 43. Ra5 Bxb2 44. Rxa4 Be5 45. Bxe5 fxe5 46. Rxa6
Rxe7 47. Rc6 Rd7 48. Rxc4 Rd2 49. Rc5 Kf6 50. Rc6+ Kf7 51. Rc5 1/2-1/2

[Event "Bad Woerishofen op"]
[Site "?"]
[Date "2008.03.03"]
[Round "5"]
[White "Espig, Lutz"]
[Black "Einwiller, Dieter"]
[Result "0-1"]
[WhiteElo "2326"]
[BlackElo "2169"]
[PlyCount "74"]
[EventDate "2008.??.??"]
 
1. Nf3 Nf6 2. c4 e6 3. g3 d5 4. d4 c6 5. Bg2 Nbd7 6. Qc2 Bd6 7. O-O O-O 8. Bf4
Qc7 9. Bxd6 Qxd6 10. Nbd2 Re8 11. Rad1 b5 12. c5 Qc7 13. e4 dxe4 14. Nxe4 Nxe4
15. Qxe4 Nf6 16. Qc2 Rd8 17. Rfe1 Bd7 18. Ne5 Be8 19. g4 Nd5 20. Qe4 Qe7 21. f4
Qh4 22. Rf1 Rac8 23. Rd3 Qe7 24. Rh3 g6 25. f5 exf5 26. gxf5 f6 27. fxg6 Bxg6
28. Qh4 Qg7 29. Ng4 Kh8 30. Nxf6 Ne7 31. Rg3 Ng8 32. d5 Nxf6 33. Rxf6 Qe7 34.
Rgxg6 Qxc5+ 35. Rf2 Rf8 36. Rgf6 cxd5 37. Qh6 37... Rfe8 {time} 0-1

[Event "Bad Woerishofen op"]
[Site "?"]
[Date "2008.03.03"]
[Round "5"]
[White "Murariu, Nicky"]
[Black "Zdebskaja, Natalia"]
[Result "0-1"]
[WhiteElo "2106"]
[BlackElo "2313"]
[PlyCount "34"]
[EventDate "2008.??.??"]
 
1. d4 Nf6 2. e3 d5 3. Bd3 c5 4. c3 Nc6 5. f4 Bg4 6. Ne2 e6 7. Nd2 Bd6 8. O-O
Qc7 9. Nf3 O-O-O 10. a4 c4 11. Bc2 Bxf3 12. gxf3 g5 13. fxg5 Rdg8 14. Kh1 Nh5
15. e4 h6 16. gxh6 Bxh2 17. e5 Qe7 0-1

[Event "Bad Woerishofen op"]
[Site "?"]
[Date "2008.03.03"]
[Round "5"]
[White "Vrana, Frantisek"]
[Black "Weidlich, Guenter"]
[Result "1-0"]
[WhiteElo "2313"]
[BlackElo "2145"]
[PlyCount "65"]
[EventDate "2008.??.??"]
 
1. e4 c5 2. Nf3 d6 3. g3 Nc6 4. Bg2 g6 5. d4 cxd4 6. Nxd4 Bd7 7. Nc3 Bg7 8.
Nde2 Nf6 9. O-O O-O 10. a4 a6 11. Nd5 Rb8 12. h3 Nxd5 13. exd5 Ne5 14. Ra2 Qc7
15. b3 Be8 16. a5 Nd7 17. Be3 e5 18. dxe6 fxe6 19. Nf4 Bf7 20. c4 Nc5 21. Rd2
Qxa5 22. Rxd6 Rfe8 23. Qb1 Qb4 24. Rfd1 Bf8 25. Nd3 Nxd3 26. R6xd3 Bc5 27. Bh6
Bf8 28. Bg5 a5 29. Qa1 Qb6 30. Rd7 e5 31. Qa4 Bc5 32. Rxf7 Kxf7 33. Qd7+ 1-0

[Event "Bad Woerishofen op"]
[Site "?"]
[Date "2008.03.03"]
[Round "5"]
[White "Lupor, Stefan"]
[Black "Stoffel, Matthias"]
[Result "1-0"]
[WhiteElo "2312"]
[BlackElo "2071"]
[PlyCount "73"]
[EventDate "2008.??.??"]
 
1. e4 c5 2. Nf3 d6 3. d4 cxd4 4. Nxd4 Nf6 5. Nc3 a6 6. Bg5 e6 7. f4 Nbd7 8. Qf3
Qc7 9. O-O-O Be7 10. Bd3 b5 11. Rhe1 Qb6 12. e5 Bb7 13. Qg3 Qxd4 14. exf6 gxf6
15. Bh4 d5 16. Bxb5 Qb6 17. Qg7 axb5 18. Qxh8+ Nf8 19. Bxf6 b4 20. Nb1 Rc8 21.
Bxe7 Kxe7 22. Qd4 Qa5 23. b3 Nd7 24. Kb2 Ra8 25. a3 bxa3+ 26. Ka2 Rc8 27. c3
Nf6 28. Qb4+ Qxb4 29. cxb4 Rc2+ 30. Kxa3 Rxg2 31. Rd2 Rg4 32. Rc2 Ba6 33. Nc3
Bd3 34. Rd2 Be4 35. b5 Rxf4 36. b6 Kd7 37. Rc1 1-0